000 00923nam1a22002411i 4500
001 rc\2594684
005 20240726091845.0
035 _a(NLR Aleph) 006758867
090 _a5822870
_c5822870
100 _a20110914d1929 |||y0rusy50 ca
101 0 _arus
102 _aRU
105 _ay z |||||
200 1 _aБюджет времени студентов Хозправфака
_fГ. Гаврилов
210 _aИркутск
_cЮридич. и Эконом. науч. кружки и Профком СТС ХПФ
_d1929
_gтип. изд. "Власть труда"
215 _a7 с.
_d26х17 см.
300 _aОтдельн. оттиск из студ. сборника Иркутск. госуд. ун-та "В борьбе за кадры", стр. 75-79
700 1 _aГаврилов
_bГ.
801 0 _aRU
_bNLR
_gpsbo
801 1 _aRU
_bELAR
_2rusmarc
852 _aNLR
_j80/788
942 _cBOOK